Countries with the Most People in HDI >0.8 Regions - Statistics

General Stats
  • This quiz has been taken 25 times
  • The average score is 20 of 20
Answers on the Map
Answers color-coded by a green-red scale on the quiz's map according to % correct below.
 
Answer Stats
People (M) Answer % Correct
47 Argentina
100%
26 Australia
100%
74 Brazil
100%
39 Canada
100%
145 China
100%
68 France
100%
59 Italy
100%
126 Japan
100%
26 Mexico
100%
38 Poland
100%
143 Russia
100%
47 Spain
100%
47 Turkey
100%
67 United Kingdom
100%
333 United States
100%
83 Germany
94%
35 Saudi Arabia
94%
52 South Korea
94%
24 Malaysia
89%
24 Iran
83%
No matching quizzes found
Score Distribution
Percent of People with Each Score
Percentile by Number Answered
Your Score History
You have not taken this quiz